Responses for Show #9090 - Friday, April 26, 2024

Amy Hummel game 3.

Contestants

[<< previous game]

Matt Mawhinney, a democracy entrepreneur originally from Fort Lauderdale, Florida

Dan Byrne, a consultant from Lilburn, Georgia

Amy Hummel, an ER doctor from Milwaukee, Wisconsin (whose 2-day cash winnings total $37,695)

[next game >>]

Jeopardy! Round responses

HUSBANDS & WIVES
JAPANESE CITIES
LAWFUL QUOTATIONS
PLURALIZE, PLEASE
FORE & AFTER
THE LIGHTNING ROUND
    $200 30
(Prince) Albert

Amy
    $200 28
the Winter Olympics

Dan
    $200 9
possession

Triple Stumper
    $200 25
sheep

Amy
    $200 4
the Masters

Amy
    $200 18
a lightning rod

Amy
    $400 29
(Matt: Who are the Peróns?)
(Ken: Can you be more specific?)
...
(Matt: Bring it.)

Eva Perón & Juan Perón

Matt
    $400 27
Honshu

Dan
    $400 10
the law won

Dan
    $400 24
hooves

Dan
    $400 14
(Dan: What is the USGA?)

the PGA

DanMatt
    $400 23
Benjamin Franklin

Matt
    $600 7
Pierre & Marie Curie

Amy
    $600 26
haikus

Matt
    $600 11
the jungle

Amy
    $600 3
sarcophagi

Dan
    $600 15
June 7, 1944

Dan
    $600 22
Gatorade

Dan
    $1,000 6
(Ken: It is [**], not John Smith.)

Pocahontas & John Rolfe

Amy
    $800 5
Shoguns

Amy
    $800 2
Murphy's law

Amy
    $800 1
passers-by

Matt
    $800 16
(Matt: What is the Davis Cup?)
...
(Ken: Yeah, Davis is tennis.)

the Ryder Cup

DanMatt
    $800 21
Donner & Blitzen

Amy
    $1000 8
Jackson Pollock

Dan
    $1000 20
(Matt: What is a typhoon?)

kamikaze

Matt
Triple Stumper
    $1000 12
(Amy: Who is Ruth Bader Ginsburg?)

Oliver Wendell Holmes

Amy
Triple Stumper
    $1000 13
appendices

Dan
    $1000 17
Jon Rahm

Dan
    $1000 19
the Blue Ridge Mountains

Amy

Scores at the first commercial break (after clue 15):

Amy Dan Matt
$3,000 $3,200 $1,200

Scores at the end of the Jeopardy! Round:

Amy Dan Matt
$5,400 $6,600 $800

Double Jeopardy! Round responses

POETRY FOR THEE
BURIED AT ARLINGTON
SCIENCE STUFF
POP CULTURE INITIALS
"R" 2 "D" 2
(Ken: Each response has 2 "R"s and 2 "D"s.)
BEEP-BOOP-BEEP
    $400 29
[The end-of-round signal sounds.]
(Ken: But we will get to the final clue, nevermore.)
[Laughter]

"The Raven"

Amy
    $400 13
Bobby Kennedy

Matt
    $400 27
lift

Matt
    $400 16
HBO

Amy
    $400 28
Betty Boop

Amy
    $800 24
(Ken: Correct, with less than a minute to play.)

Kublai Khan

Matt
    $800 12
(Matt: What is the Air Force?)

the Navy

DanMatt
    $800 8
(Matt: What is a vacuum?)

a cloud chamber

Matt
Triple Stumper
    $800 20
Jean-Claude Van Damme

Matt
    $800 26
a dredger

Triple Stumper
    $800 25
a borough

Amy
    $1200 23
"Jabberwocky"

Dan
    $1,500 6
Thurgood Marshall

Amy
    $2,000 2
the endocrine system

Matt
    $1200 14
Mobile Army Surgical Hospital

Amy
    $1200 9
a dromedary

Matt
    $1200 1
Sputnik

Matt
    $1600 21
"O Captain! My Captain!"

Matt
    $1600 3
(Matt: What is Secretary of Defense?)

Secretary of War

Matt
Triple Stumper
    $1600 5
(Amy: What is carbon?)

a two-dimensional material

Amy
Triple Stumper
    $1600 15
M.I.A.

Dan
    $1600 10
disregard

Amy
    $1600 17
pneumonia

Amy
    $2000 22
"Howl"

Amy
    $2000 4
Sabin

Amy
    $2000 7
the ovipositor

Triple Stumper
    $2000 19
(Dan: What is R.I.P.?

R.I.P.D.

Dan
Triple Stumper
    $2000 11
redistricted

Dan
    $2000 18
(Matt: What is nanoplastic?)

microplastic

AmyMatt

Scores at the end of the Double Jeopardy! Round:

Amy Dan Matt
$17,700 $10,200 $4,000

[wagering suggestions for these scores]

Final Jeopardy! Round responses

U.S. GEOGRAPHY
(Ken: What were you gonna answer, Matt? We don't know.)
(Matt: Kilauea.)
...
(Ken: [To Dan] Yes, in Washington state, a watery part of the country.)
MattWhat is Mount St H Ki
$3,998
DanWhat is Mt. Rainier? Hi Kelly!
$10,199
AmyWhat is Mt. Rainier?
$2,800
Mount Rainier

Final scores:

Amy Dan Matt
$20,500 $20,399 $2
3-day champion: $58,195 2nd place: $3,000 3rd place: $2,000

Game dynamics:

Coryat scores:

Amy Dan Matt
$17,200 $10,200 $3,200
22 R
(including 2 DDs),
2 W
15 R,
2 W
13 R
(including 1 DD),
6 W

Combined Coryat: $30,600

[game clues] [game scores] [suggest correction]

Game tape date: 2024-03-14
The J! Archive is created by fans, for fans. Scraping, republication, monetization, and malicious use prohibited; this site may use cookies and collect identifying information. See terms. The Jeopardy! game show and all elements thereof, including but not limited to copyright and trademark thereto, are the property of Jeopardy Productions, Inc. and are protected under law. This website is not affiliated with, sponsored by, or operated by Jeopardy Productions, Inc. Join the discussion at JBoard.tv.